Norway A-Z - Statistics

General Stats
  • This quiz has been taken 194 times
  • The average score is 10 of 26
Answer Stats
Letter Hint Answer % Correct
M Painter of 'The Scream' Edvard Munch
82%
F There are about 1,190 of these in Norway Fjords
78%
A Queen Maud Land is territory claimed by Norway on this continent Antarctica
75%
Q Norwegian dictator during Nazi occupation Vidkund Quisling
68%
N An official written standard of Norwegian, also called 'New Norse' Nynorsk
63%
E Norway has come last the most times in this event Eurovision Song Contest
58%
U Trygve Lie was the first Secretary-General of the United Nations
57%
W Norway is the most successful nation in this event Winter Olympics
56%
S Name for the Norwegian parliament Storting
53%
Y Comedy duo that created the music video "What does the Fox Say?" Ylvis
53%
R The battle at the end of the world in Norse mythology Ragnarök
48%
G Norway's highest mountain Galdhøpiggen
46%
D This author of "The Twits" had Norwegian parents Roald Dahl
46%
T Norwegian word for cod Torsk
43%
J Norwegian owned island in the Arctic Sea Jan Mayen
42%
C Norwegian Thor Bjørklund invented this in 1925 Cheese slicer
30%
K Northern town heavily bombed in WW2 Kirkenes
29%
H Village in Nord-Trøndelag that frequently freezes over Hell
28%
O Tree sacred to Thor the thundergod Oak
21%
P The Colonel-in-Chief of the Norwegian Royal Guard is one of these Penguin
19%
Z Norwegian director of the Karate Kid (2010) Harald Zwart
18%
L The world's longest road tunnel Laerdal
16%
B Norway's only active volcano Beerenberg
10%
I Fashion designer known for playful bright colours Fam Irvoll
4%
V The tallest waterfall in Europe, 6th in the world Vinnufossen
2%
X Secret intelligence organisation working in Norway in WW2 XU
1%
No matching quizzes found
Score Distribution
Percent of People with Each Score
Percentile by Number Answered
Your Score History
You have not taken this quiz